[Event "Thessaloniki Vardaris op 7th"]
[Site "Thessaloniki"]
[Date "2024.03.16"]
[Round "4"]
[White "Giannopoulos, Iasonas"]
[Black "Kalogridis, Themistoklis"]
[Result "0-1"]
[WhiteElo "1862"]
[BlackElo "1949"]
[PlyCount "100"]
[EventDate "2024.03.14"]
[EventType "swiss"]
[EventRounds "7"]
[EventCountry "GRE"]
[SourceTitle "CB13_2024"]
[SourceDate "2024.03.27"]
[SourceVersion "1"]
[SourceVersionDate "2024.03.27"]
[SourceQuality "1"]

1. e4 c5 2. Nf3 Nc6 3. d4 cxd4 4. Nxd4 Nf6 5. Nc3 e5 6. Ndb5 d6 7. Bg5 a6 8. Na3 b5 9. Bxf6 gxf6 10. Nd5 Bg7 11. Qh5 Ne7 12. Nxe7 Qxe7 13. c3 f5 14. exf5 b4 15. Nc4 bxc3 16. bxc3 e4 17. Rc1 Bb7 18. Qg4 0-0 19. Be2 Kh8 20. 0-0 Rg8 21. Qf4 d5 22. Nd6 Bc6 23. c4 d4 24. c5 d3 25. Bd1 Raf8 26. Bb3 Be5 27. f6 Bxf6 28. g3 Bg5 29. Nxf7+ Rxf7 30. Qxf7 Qxf7 31. Bxf7 Bxc1 32. Bxg8 Kxg8 33. Rxc1 Ba4 34. c6 d2 35. Rb1 d1Q+ 36. Rxd1 Bxd1 37. c7 Bg4 38. Kf1 Kf7 39. Ke1 Ke7 40. Kd2 Kd7 41. Ke3 Be6 42. a3 Bd5 43. Kd4 Bc6 44. g4 Kxc7 45. h4 Kd6 46. g5 Ke6 47. h5 Kf5 48. g6 hxg6 49. hxg6 Kxg6 50. Kc5 Bb5 0-1

[Event "Patras Finest Rapid 1st"]
[Site "Patras"]
[Date "2022.07.03"]
[Round "1"]
[White "Giannopoulos, Iasonas"]
[Black "Deligiannis, Paraskevas1111"]
[Result "0-1"]
[WhiteElo "1545"]
[BlackElo "1938"]
[PlyCount "60"]
[EventDate "2022.07.03"]
[EventType "swiss (rapid)"]
[EventRounds "7"]
[EventCountry "GRE"]
[SourceTitle "EXT 2023"]
[Source "ChessBase"]
[SourceDate "2022.10.05"]
[SourceVersion "1"]
[SourceVersionDate "2022.10.05"]
[SourceQuality "1"]

1. e4 c6 2. d4 d5 3. e5 Bf5 4. Nf3 e6 5. Be2 Ne7 6. 0-0 Nd7 7. Nbd2 c5 8. c3 Nc6 9. c4 Nb6 10. dxc5 Bxc5 11. Nb3 Be7 12. cxd5 Nxd5 13. Nbd4 Bg6 14. Bb5 Rc8 15. Nxc6 bxc6 16. Ba6 Rb8 17. Nd4 Qd7 18. b3 c5 19. Nf3 0-0 20. Bb2 Rfd8 21. Qc1 Nb4 22. Bc4 Nd3 23. Bxd3 Bxd3 24. Rd1 Qb5 25. Ba3 Be2 26. Rxd8+ Rxd8 27. Nd2 Bg5 28. Qxc5 Bxd2 29. Qxa7 Qxe5 30. Qe7 Qxa1+ 0-1

[Event "Patras Finest Rapid 1st"]
[Site "Patras"]
[Date "2022.07.03"]
[Round "6"]
[White "Giannopoulos, Iasonas"]
[Black "Stefanou, Dimitrios"]
[Result "0-1"]
[WhiteElo "1545"]
[BlackElo "1809"]
[PlyCount "82"]
[EventDate "2022.07.03"]
[EventType "swiss (rapid)"]
[EventRounds "7"]
[EventCountry "GRE"]
[SourceTitle "EXT 2023"]
[Source "ChessBase"]
[SourceDate "2022.10.05"]
[SourceVersion "1"]
[SourceVersionDate "2022.10.05"]
[SourceQuality "1"]

1. e4 e5 2. Nf3 Nc6 3. Bb5 a6 4. Ba4 Nf6 5. 0-0 Be7 6. Re1 b5 7. Bb3 d6 8. c3 0-0 9. h3 Na5 10. Bc2 c5 11. d4 Qc7 12. Nbd2 cxd4 13. cxd4 Nc6 14. d5 Nb4 15. Bb1 a5 16. Nf1 Bd7 17. a3 Na6 18. Bg5 Rfc8 19. Ng3 h6 20. Be3 Qb7 21. Qd2 Kh7 22. Nh4 Nc5 23. Bxh6 gxh6 24. Nhf5 Bf8 25. f4 Nb3 26. Qf2 Qa7 27. Ne3 Bg7 28. fxe5 dxe5 29. Kh2 Nxa1 30. Qf3 Qb6 31. Ngf5 Bxf5 32. Qxf5+ Kh8 33. d6 Qxd6 34. Rd1 Qe6 35. Qf3 Nb3 36. Nd5 Nd4 37. Qe3 Nxd5 38. exd5 Qf6 39. Qd3 Qf4+ 40. Kh1 f5 41. Rf1 Rc1 0-1

[Event "GRE-chT Online Rapid op 1st"]
[Site "Tornelo INT"]
[Date "2021.02.21"]
[Round "9.28"]
[White "Themeli, Dimitra"]
[Black "Giannopoulos, Iasonas"]
[Result "0-1"]
[WhiteElo "1606"]
[BlackElo "1297"]
[PlyCount "82"]
[EventDate "2021.02.20"]
[EventType "team-swiss (rapid)"]
[EventRounds "9"]
[EventCountry "GRE"]
[SourceTitle "EXT 2023"]
[Source "ChessBase"]
[SourceDate "2022.10.05"]
[SourceVersion "1"]
[SourceVersionDate "2022.10.05"]
[SourceQuality "1"]

1. c4 c5 2. g3 Nf6 3. Bg2 d5 4. cxd5 Nxd5 5. Nc3 Nc7 6. e3 e5 7. Nge2 Nc6 8. Bxc6+ bxc6 9. d3 Bh3 10. b3 Be7 11. Ba3 Nb5 12. Bb2 0-0 13. Rc1 f5 14. f3 Bg5 15. f4 exf4 16. exf4 Bf6 17. a4 Nd4 18. Nxd4 Bxd4 19. Ba1 Re8+ 20. Ne2 Bg4 21. Rc2 Bxa1 22. Qxa1 Qxd3 23. Qd1 Qf3 24. Rf1 Qxb3 25. Kf2 Rad8 26. Rd2 Qe3+ 27. Ke1 Rxd2 28. Qxd2 Qxe2+ 29. Qxe2 Rxe2+ 30. Kd1 Rf2+ 31. Ke1 Rxf1+ 32. Kxf1 a5 33. Ke1 Kf7 34. Kd2 Ke6 35. Kc3 Kd5 36. Kd3 Bd1 37. h3 Bxa4 38. g4 fxg4 39. hxg4 h6 40. g5 hxg5 41. fxg5 c4+ 0-1